Central Library OPAC University of Rajshahi

Mechanisms of cooperativity and allosteric regulation in proteins / (Record no. 11895)

MARC details
000 -LEADER
fixed length control field 00849nam a2200265 4500
001 - CONTROL NUMBER
control field 11895
003 - CONTROL NUMBER IDENTIFIER
rucl marc code BD-RjUL
005 - DATE AND TIME OF LATEST TRANSACTION
control field 20211208235212.0
008 - FIXED-LENGTH DATA ELEMENTS--GENERAL INFORMATION
fixed length control field 140127s1990 enkaf b 001 0 eng c
020 ## - INTERNATIONAL STANDARD BOOK NUMBER
International Standard Book Number 0521386489 (pbk.)
035 ## - SYSTEM CONTROL NUMBER
System control number (BD-RjUL)11944
040 ## - CATALOGING SOURCE
Original cataloging agency DNLM/DLC
Transcribing agency DLC
Modifying agency BD-RjUL
Language of cataloging eng
041 ## - LANGUAGE CODE
Language code of text/sound track or separate title eng
082 00 - DEWEY DECIMAL CLASSIFICATION NUMBER
Classification number 572.6
Edition number 23
Author mark and year PEM 1990
100 1# - MAIN ENTRY--PERSONAL NAME
Personal name Perutz, Max F.
9 (RLIN) 36869
245 10 - TITLE STATEMENT
Title Mechanisms of cooperativity and allosteric regulation in proteins /
Statement of responsibility, etc. Max Perutz.
260 ## - PUBLICATION, DISTRIBUTION, ETC. (IMPRINT)
Place of publication, distribution, etc. New York :
Name of publisher, distributor, etc. Cambridge University Press,
Date of publication, distribution, etc. c1990.
300 ## - PHYSICAL DESCRIPTION
Pagination x, 101 p. :
Illustrations ill. ;
Size 25 cm.
504 ## - BIBLIOGRAPHY, ETC. NOTE
Bibliography, etc Includes bibliographical references and index.
650 #0 - SUBJECT ADDED ENTRY--TOPICAL TERM
Topical term or geographic name as entry element proteins
9 (RLIN) 36870
General subdivision metabolism
Topical term or geographic name as entry element Allosteric proteins.
9 (RLIN) 215037
Topical term or geographic name as entry element Allosteric regulation.
9 (RLIN) 36871
Topical term or geographic name as entry element Allosteric enzymes.
9 (RLIN) 36872
942 ## - ADDED ENTRY ELEMENTS (KOHA)
Source of classification or shelving scheme Dewey Decimal Classification
Koha item type Books
Holdings
Lost status Source of classification or shelving scheme Damaged status Not for loan Collection code Permanent Location Current Location Shelving location Date acquired Source of acquisition Cost, normal purchase price Total Checkouts Full call number Date last seen Copy number Koha item type
  Dewey Decimal Classification   Not For Loan Non-fiction Central Library, University of Rajshahi Central Library, University of Rajshahi Reading Room 01/07/1997 Ahasnia Mission Dhaka 1187.15   572.6 PEM 1990 27/01/2014 C-1 Books
  Dewey Decimal Classification     Non-fiction Central Library, University of Rajshahi Central Library, University of Rajshahi   01/07/1997 Ahasnia Mission Dhaka 1187.15   572.6 PEM 1990 27/01/2014 C-2 Books